000 00603cam a22001931 4500
001 sa 65000838
003 DLC
005 20260227112105.0
008 740408s1958 xx 000 0 eng
010 _asa 65000838
035 _a(OCoLC)850978
040 _aDLC
_cNhD
_dOCoLC
_dDLC
042 _apremarc
050 0 0 _aJQ779.A55
_bA665
110 2 _aPartai Komunis Indonesia.
_bComite Central.
245 1 0 _aSixth plenum of the Central Committee of the Communist Party of Indonesia, March 31st-April 3rd, 1958;
_bdocuments.
260 _aJakarta,
_bJajasan Pembaruan,
_c1958.
300 _a123 p.
_b18 cm.
999 _c61775
_d61775